Statistiques concernant Les chansons Disney

Cliquez ici pour prendre le quiz!

Statistiques générales

  • Ce quiz a été pris 8 001 fois
  • Le résultat moyen est 12 sur 25

Statistiques - réponses

ChansonDisney% Correct
A la file indiennePeter Pan
86%
Le renouveauLa reine des neiges
79%
Soyez prêtesLe roi Lion
79%
ReflexionMulan
77%
Les harpiesCendrillon
74%
Gammes et ArpègesLes Aristochats
73%
Les poissonsLa Petite Sirène
66%
L'or de VirginiePocahontas
64%
Ma belle EvangelineLa Princesse et la Grenouille
62%
Aloha e komo maiLilo et Stitch
62%
Je veux savoirTarzan
62%
Les larmes d'orRaiponce
60%
Une étoile est néeHercule
57%
Le train du bonheurDumbo
43%
Sifflez en travaillantBlanche Neige et les 7 nains
39%
Je chante pour toiBambi
36%
Sifflez vite, vite !Pinocchio
35%
Un gars comme toiLe Bossu de Notre Dame
33%
C'est ça l'amitiéLe livre de la jungle
33%
Regarde dans mes yeuxFrère des ours
29%
Home Sweet HomeLa Belle et le Clochard
28%
Zim Zam Ba Rim BimMerlin l'Enchanteur
17%
La perfection, c'est moiOliver et Compagnie
16%
On va griller le monstreAlice au pays des Merveilles
15%
Un père et un filsAladdin et le roi des voleurs
5%

Distribution des résultats

Percentile par nombre de réponses

% des personnes avec chaque résultat

Votre développement - résultats

Vous n’avez pas pris ce quiz